Music Quiz

Random Music or Kpop Quiz

Pick the Members of Red Velvet, Gfriend & Lovelyz! Quiz Stats

Quiz not verified by Sporcle

Challenge
Share
Tweet
Score 0/19 Timer 10:00
0 Plays Today
% Correct
Sinb
91.8%
Umji
91.7%
Eunha
89.2%
Yuju
88.6%
Wendy
88.2%
Sowon
87.8%
Irene
87%
Yeri
84%
Yerin
82.9%
Joy
82.6%
% Correct
Seulgi
82%
Kei
72.6%
Sujeong
61.9%
Baby Soul
61.3%
Yein
60.3%
Jiae
59.4%
Mijoo
57.3%
Jisoo
56.7%
Jin
54.7%

You're not logged in!

Compare scores with friends on all Sporcle quizzes.
Sign Up with Email
OR
Log In

You Might Also Like...

Show Comments

Extras

Top Quizzes Today


Score Distribution

Your Account Isn't Verified!

In order to create a playlist on Sporcle, you need to verify the email address you used during registration. Go to your Sporcle Settings to finish the process.